Análisis del costo eléctrico de la empresa C & K COACTIVE S.A

Đã lưu trong:
Chi tiết về thư mục
Tác giả chính: Acuña Serrano, Carlos Eduardo
Định dạng: Sách
Được phát hành: [San José, Costa Rica] 2009
Những chủ đề:
Các nhãn: Thêm thẻ
Không có thẻ, Là người đầu tiên thẻ bản ghi này!

MARC

LEADER 00000nam a2200000Ia 4500
003 010491
005 20221231144044.0
008 140114s2009 cr a 000 ||s d
040 |c cru CEDI 
090 |a TFG 5987 
100 |a Acuña Serrano, Carlos Eduardo   |9 3526 
245 |a Análisis del costo eléctrico de la empresa C & K COACTIVE S.A  
260 |c 2009  |b [San José, Costa Rica] 
300 |a xii, 124 hojas; ilustraciones a color, mapas 
500 |a Proyecto de graduación (bachillerato en ingeniería eléctrica)--Universidad de Costa Rica. Facultad de Ingeniería. Escuela de Ingeniería Eléctrica 
650 |x CONSUMO DE ENERGIA  |x INSTALACIONES ELECTRICAS - EQUIPO ELECTRICO  |x COSTOS  |x DISTRIBUCION DE ENERGIA ELECTRICA  |x EMPRESA C&K COACTIVE S.A.   |9 3527 
942 |c TFG 
999 |c 16241  |d 16241